|
|
|
|
| LEADER |
00000nas a2200000 i 4500 |
| 001 |
ssj0024633 |
| 003 |
WaSeSS |
| 005 |
20200512172242.0 |
| 006 |
m d |
| 007 |
cr n |
| 008 |
751101c19399999ii br pss 0 0eng c |
| 010 |
|
|
|a 2009247772
|
| 016 |
7 |
|
|a I10420000(s)
|2 DNLM
|
| 022 |
|
|
|a 0973-9793
|l 0973-9793
|y 0019-5650
|
| 025 |
|
|
|a PL480:I-D-E-532
|
| 030 |
|
|
|a IJSUAV
|
| 035 |
|
|
|a (WaSeSS)ssj0024633
|
| 040 |
|
|
|a CUD
|b eng
|c CUD
|d OCLCQ
|d PFM
|d FQM
|d COU
|d CUS
|d UQ1
|d SYB
|d OCLCQ
|d OCLCA
|d OCLCQ
|d OCLCF
|d OCLCO
|d VT2
|d OCLCQ
|d OCLCO
|d OCLCQ
|d OCLCO
|d Z5A
|d OCLCO
|d OCLCA
|d BUF
|d U3W
|d OCLCA
|d AU@
|d OCLCO
|d WYU
|d NJT
|d OCLCO
|d OCLCA
|d WaSeSS
|
| 042 |
|
|
|a pcc
|
| 043 |
|
|
|a a-ii---
|
| 050 |
1 |
0 |
|a RD1
|
| 060 |
0 |
0 |
|a W1
|b IN235F
|
| 130 |
0 |
|
|a Indian journal of surgery (Online)
|
| 245 |
1 |
0 |
|a Indian journal of surgery
|h [electronic resource] :
|b official organ of the Association of Surgeons of India.
|
| 260 |
|
|
|a [Bombay] :
|b Springer India
|
| 310 |
|
|
|a Bimonthly
|
| 362 |
1 |
|
|a Print began with vol. 1 in Mar. 1939.
|
| 506 |
|
|
|a License restrictions may limit access.
|
| 588 |
|
|
|a Description based on: Vol. 69, no. 4 (Aug. 2007); title from journal home page (SpringerLink Web site, viewed Mar. 10, 2009).
|
| 588 |
|
|
|a Latest issue consulted: Vol. 70, no. 6 (Dec. 2008) (viewed Mar. 10, 2009).
|
| 650 |
|
0 |
|a Surgery
|z India
|v Periodicals.
|
| 650 |
|
7 |
|a Surgery.
|2 fast
|0 (OCoLC)fst01139351
|
| 650 |
|
7 |
|a Chirurgie.
|2 rasuqam
|
| 650 |
|
7 |
|a Intervention chirurgicale.
|2 rasuqam
|
| 650 |
|
2 |
|a General Surgery.
|
| 650 |
|
2 |
|a Surgical Procedures, Operative.
|
| 651 |
|
7 |
|a India.
|2 fast
|0 (OCoLC)fst01210276
|
| 655 |
|
0 |
|a Electronic journals.
|
| 710 |
2 |
|
|a Association of Surgeons of India.
|
| 776 |
0 |
8 |
|i Print version:
|t Indian journal of surgery
|x 0019-5650
|w (DLC)sa 64005303
|w (OCoLC)1752929
|
| 856 |
4 |
0 |
|z Full text available from Research Library: 01/01/2004 to 01/31/2019
|u https://search.proquest.com/publication/28297
|